Black Country, New Road - Nancy Tries to Take the Night lyrics - Statistics

General Stats
  • This quiz has been taken 15 times
  • The average score is 317 of 363
Answer Stats
Answer % Correct
a
100%
A
100%
air
100%
and
100%
And
100%
Anon
100%
anon
100%
are
100%
baby
100%
but
100%
But
100%
covered
100%
cow
100%
Do
100%
do
100%
dressed
100%
face
100%
gone
100%
hair
100%
I
100%
in
100%
it
100%
it's
100%
It's
100%
legs
100%
like
100%
me
100%
Mother
100%
night
100%
no
100%
no-one
100%
not
100%
of
100%
on
100%
she
100%
she's
100%
She's
100%
smile
100%
Smile
100%
Take
100%
take
100%
the
100%
The
100%
there
100%
There's
100%
want
100%
When
100%
when
100%
while
100%
you
100%
You
100%
your
100%
you're
100%
frolicking
92%
have
92%
is
92%
now
92%
off
92%
Oh
92%
place
92%
that
92%
time
92%
to
92%
tried
92%
would
92%
Would
92%
be
83%
by
83%
car
83%
For
83%
hope
83%
imagine
83%
life
83%
more
83%
Nancy
83%
pretty
83%
round
83%
run
83%
so
83%
soon
83%
streets
83%
struck
83%
tell
83%
through
83%
whore
83%
wife
83%
with
83%
you'll
83%
from
75%
nothing
75%
removed
75%
took
75%
could
67%
day
67%
light
67%
said
67%
sight
67%
all
58%
back
58%
despair
58%
did
58%
he
58%
Just
58%
sit
58%
at
50%
autumn
50%
bad
50%
believed
50%
between
50%
compared
50%
cry
50%
Curse
50%
dead
50%
dream
50%
fair
50%
fate
50%
good
50%
had
50%
how
50%
If
50%
knife
50%
money's
50%
seemed
50%
seen
50%
she'd
50%
sky
50%
times
50%
vote
50%
wanted
50%
was
50%
well
50%
what
50%
What
50%
word
50%
eve
42%
held
42%
herself
42%
lead
42%
look
42%
please
42%
rapture
42%
table
42%
where
42%
wrote
42%
Nah
33%
nah
33%
Or
33%
Taking
25%
as
17%
yeah
17%
No matching quizzes found
Score Distribution
Percent of People with Each Score
Percentile by Number Answered
Your Score History
You have not taken this quiz